000 00461nam a2200181 a 4500
001 0493
005 20140414131920.0
008 040117s19uu xx 00 eng d
020 _a0-7214-1545-8
050 _aER
_bP87 1993
245 _aPuss in boots /
_cIllustrated by Tony Kenyon.
260 _aEngland :
_bLadybird,
_c1993.
300 _ap. ; cm.
440 _aFavourite tales
650 _aFolk tales.
650 _aChildren stories.
999 _c111689
_d111689